|
|
|
|
| LEADER |
00000cam a2200000 a 4500 |
| 001 |
vtls008344827 |
| 003 |
SK-MaSNL |
| 005 |
20260301040029.0 |
| 008 |
230403s1970 xo a f p o000 0 slo |
| 015 |
|
|
|a SNBA1970/08-01845
|
| 020 |
|
|
|q (viazané)
|
| 035 |
|
|
|a SK01SNK19700037044
|
| 035 |
|
|
|a urn:nbn:sk:snk-amlsxj
|
| 035 |
|
|
|a urn:nbn:sk:snk-am00c8m3
|
| 035 |
|
|
|a 35E4B5B7-18C0-40A4-A6DC-A35D9FB36EC3
|
| 035 |
|
|
|a SKM000039507
|
| 040 |
|
|
|a SNK
|b slo
|c SNK
|e AACR2
|
| 041 |
0 |
|
|a slo
|
| 044 |
|
|
|a xo
|c SK
|
| 072 |
|
7 |
|a 37.016
|x Učebné osnovy. Vyučovacie predmety. Učebnice
|2 konspekt
|
| 080 |
|
|
|a (075)
|2 2011
|
| 080 |
|
|
|a 37.016
|2 2011
|
| 080 |
|
|
|a (083.8)
|2 2011
|
| 245 |
0 |
0 |
|a Norma učebníc a učebných textov pre stredné odborné a odborné školy
|b školský rok 1970-1971 : skupina štud. odborov: 13 - zdravotníctvo
|c Ministerstvo zdravotníctva Slovenskej Socialistickej republiky
|
| 260 |
|
|
|a Bratislava
|b Slovenské pedagogické nakladateľstvo
|c 1970
|e Bratislava
|f Západoslovenské tlačiarne 42
|
| 300 |
|
|
|a 32 s.
|b tabuľky
|c 4°
|
| 648 |
|
7 |
|a 1970-1971
|2 SNKPH
|9 332232
|
| 650 |
0 |
7 |
|a učebnice
|2 SNKPH
|9 74147
|
| 650 |
0 |
7 |
|a stredné odborné školy
|2 SNKPH
|9 67892
|
| 650 |
0 |
7 |
|a Textbooks
|2 SNKPHeng
|9 301673
|
| 650 |
0 |
7 |
|a Secondary vocational schools
|2 SNKPHeng
|9 268406
|
| 655 |
|
7 |
|a zoznamy
|2 SNKPH
|9 29645
|
| 655 |
|
7 |
|a Lists
|2 SNKPHeng
|9 267515
|
| 710 |
2 |
|
|a Slovensko.
|b Ministerstvo zdravotníctva
|4 pbl
|9 120432
|
| 852 |
|
|
|a Slovenská národná knižnica
|
| 954 |
|
|
|a odborná, vedecká literatúra pôvodná (slovenská)
|2 lita
|
| 958 |
|
|
|a OND
|
| 958 |
|
|
|a RM
|
| 958 |
|
|
|a BQ
|
| 958 |
|
|
|a RK
|
| 958 |
|
|
|a EUIPO
|
| 999 |
|
|
|c 585319
|d 587249
|
| 952 |
|
|
|a SNK
|b SNK
|y PREZ
|7 0
|p 17A0808573
|o snkSB 16213
|i snkKSP 5943/70
|0 0
|1 0
|4 0
|d 2017-05-22
|f 1
|l 0
|r 2026-02-23 15:06:13
|w 2026-02-23
|